[Event "FIDE World Senior Team Championship 2020"]
[Site "Olympik hotel, Sokolovska 138,"]
[Date "2020.03.11"]
[Round "6.16"]
[White "Dieterle-Bard, Bernhard"]
[Black "Van Bentum, Horst"]
[Result "1-0"]
[WhiteElo "1865"]
[BlackElo "2036"]
[PlyCount "95"]
[EventDate "2020.03.06"]
[WhiteTeam "GER6"]
[BlackTeam "GER3"]

1. d4 Nf6 2. c4 e6 3. Nf3 Bb4+ 4. Bd2 Qe7 5. Qc2 Bxd2+ 6. Nbxd2 d6 7. e4 e5 8.
Be2 O-O 9. O-O Bg4 10. Rfe1 Nbd7 11. d5 a5 12. h3 Bh5 13. b3 b6 14. a3 Rfb8 15.
b4 Qd8 16. Nf1 Bg6 17. Ng3 axb4 18. axb4 Rxa1 19. Rxa1 Ra8 20. Rxa8 Qxa8 21.
Nh4 Qa3 22. Nxg6 hxg6 23. Qd2 Qb3 24. Kh2 Qb1 25. Bd3 Qb3 26. Ne2 Nh5 27. g3
Qa3 28. Kg2 Nhf6 29. Qc3 Qxc3 30. Nxc3 Kf8 31. Nb5 Ne8 32. f4 Ke7 33. Kf3 Kd8
34. h4 Kc8 35. Na7+ Kb7 36. Nc6 Nb8 37. Nd8+ Kc8 38. Nxf7 Na6 39. b5 Nc5 40.
Bc2 Nd7 41. fxe5 Nxe5+ 42. Nxe5 dxe5 43. Kg4 Nf6+ 44. Kg5 Nh5 45. Kxg6 Nxg3 46.
Kxg7 Kd7 47. Kg6 Ke7 48. h5 1-0

[Event "FIDE World Senior Team Championship 2020"]
[Site "Olympik hotel, Sokolovska 138,"]
[Date "2020.03.11"]
[Round "6.18"]
[White "Schutte, Andre"]
[Black "Titscher, Libor"]
[Result "0-1"]
[WhiteElo "1827"]
[BlackElo "2153"]
[PlyCount "78"]
[EventDate "2020.03.06"]
[WhiteTeam "RSA"]
[BlackTeam "GER2"]

1. e4 c5 2. c4 Nc6 3. g3 h5 4. h4 d6 5. Bg2 g6 6. Nc3 Bg7 7. d3 Rb8 8. Nge2 a6
9. O-O b5 10. cxb5 axb5 11. a4 bxa4 12. Nxa4 Be6 13. Qd2 Nh6 14. Nf4 Bb3 15.
Nc3 Ng4 16. Nfe2 Bh6 17. f4 O-O 18. Nd5 e5 19. Ne3 Nxe3 20. Qxe3 exf4 21. Nxf4
Nd4 22. Qf2 Bg7 23. Kh2 Nc2 24. Rb1 Bd4 25. Qe2 Be5 26. Bd2 Nd4 27. Qf2 Ba2 28.
b4 Bxb1 29. Rxb1 cxb4 30. Rxb4 Rxb4 31. Bxb4 Qf6 32. Bc3 Rc8 33. Bxd4 Bxd4 34.
Qf3 Be5 35. Kh3 Rc6 36. Nd5 Qxf3 37. Bxf3 Kg7 38. Nf4 Bxf4 39. gxf4 Rc3 0-1

[Event "FIDE World Senior Team Championship 2020"]
[Site "Olympik hotel, Sokolovska 138,"]
[Date "2020.03.11"]
[Round "6.18"]
[White "Schulenburg, Bernd"]
[Black "Southey, Andrew M"]
[Result "1-0"]
[WhiteElo "2175"]
[BlackElo "1781"]
[PlyCount "63"]
[EventDate "2020.03.06"]
[WhiteTeam "GER2"]
[BlackTeam "RSA"]

1. e4 c5 2. Nf3 g6 3. d4 cxd4 4. Nxd4 Bg7 5. c4 Nc6 6. Nxc6 bxc6 7. Nc3 d6 8.
Qd3 Nf6 9. Be2 O-O 10. O-O Rb8 11. Rb1 Nd7 12. Bg5 h6 13. Be3 Qa5 14. Qd2 Kh7
15. b4 Rxb4 16. Nd5 Ra4 17. Qxa5 Rxa5 18. Nxe7 Rxa2 19. Bg4 Ne5 20. Bxc8 Re8
21. Rb7 Bf8 22. Nxc6 Nxc6 23. Rxf7+ Kg8 24. Rc7 Ne5 25. Bb7 Bg7 26. c5 Kh8 27.
cxd6 Rd8 28. f4 Ng4 29. Bc5 Ra5 30. e5 Nxe5 31. fxe5 Bxe5 32. Rd1 1-0

[Event "FIDE World Senior Team Championship 2020"]
[Site "Olympik hotel, Sokolovska 138,"]
[Date "2020.03.11"]
[Round "6.18"]
[White "Ohlson, Cecil"]
[Black "Berndt, Matthias"]
[Result "0-1"]
[WhiteElo "1643"]
[BlackElo "2098"]
[PlyCount "86"]
[EventDate "2020.03.06"]
[WhiteTeam "RSA"]
[BlackTeam "GER2"]

1. e4 e6 2. d4 d5 3. e5 c5 4. c3 Nc6 5. Nf3 Bd7 6. Bd3 Nge7 7. O-O Ng6 8. Re1
f6 9. Bxg6+ hxg6 10. exf6 gxf6 11. dxc5 Kf7 12. Be3 a5 13. a3 a4 14. Nbd2 Qc7
15. b4 axb3 16. Nxb3 Be7 17. Nbd4 Nd8 18. Nb3 Ba4 19. Rb1 Ra5 20. Bd4 Bxb3 21.
Rxb3 Bxc5 22. Ne5+ Kg7 23. Qc2 f5 24. Nxg6+ Bxd4 25. Nxh8 Kxh8 26. Qd2 Bg7 27.
Qg5 Kg8 28. Re3 Ra4 29. Rg3 Kf8 30. Qh5 d4 31. Qh4 Rc4 32. Rd3 Qe7 33. Qf4 Rxc3
34. g4 Ke8 35. gxf5 Rxd3 36. Rxd3 e5 37. Qe4 Nf7 38. Rg3 Nd6 39. Qg4 Bf6 40.
Qd1 Qh7 41. Rg6 Qf7 42. Qa4+ Ke7 43. Qc2 Qc4 0-1

[Event "FIDE World Senior Team Championship 2020"]
[Site "Olympik hotel, Sokolovska 138,"]
[Date "2020.03.11"]
[Round "6.19"]
[White "Schulz, Petra"]
[Black "Nudcenko, Karel"]
[Result "0-1"]
[WhiteElo "2027"]
[BlackElo "2004"]
[PlyCount "65"]
[EventDate "2020.03.06"]
[WhiteTeam "GERW2"]
[BlackTeam "CZE11"]

1. e4 c5 2. Nc3 Nc6 3. g3 d6 4. Bg2 Nf6 5. d3 e5 6. Nh3 Be7 7. O-O Bd7 8. f4
Qc8 9. f5 h5 10. Ng5 Qd8 11. h3 Nd4 12. Ne2 Nxe2+ 13. Qxe2 Ng8 14. Nf3 Nf6 15.
c3 Bc6 16. Be3 Qc7 17. Ng5 Qd8 18. Rf2 d5 19. Rd1 d4 20. Bc1 Nd7 21. Nf3 Nf6
22. Nxe5 Bb5 23. c4 Ba6 24. Nf3 Nd7 25. e5 f6 26. Re1 Nf8 27. Qe4 Rc8 28. Nh4
Rc7 29. Bf4 Rc6 30. Rfe2 Kd7 31. exf6 Bxf6 32. Qd5+ Kc8 33. Re8 0-1

[Event "FIDE World Senior Team Championship 2020"]
[Site "Olympik hotel, Sokolovska 138,"]
[Date "2020.03.11"]
[Round "6.19"]
[White "Bazantova, Marie"]
[Black "Sommaro, Katja"]
[Result "1/2-1/2"]
[WhiteElo "1925"]
[BlackElo "2075"]
[PlyCount "90"]
[EventDate "2020.03.06"]
[WhiteTeam "CZE11"]
[BlackTeam "GERW2"]

1. e4 e6 2. d4 d5 3. e5 c5 4. c3 Nc6 5. Nf3 Qb6 6. a3 Bd7 7. b4 cxd4 8. cxd4
Rc8 9. Bb2 Nh6 10. Nc3 Na5 11. Na4 Qc6 12. Nc5 Nc4 13. Bxc4 dxc4 14. O-O b6 15.
Nxd7 Qxd7 16. Bc3 Nf5 17. a4 a6 18. Qb1 Ne7 19. b5 Nd5 20. Rc1 a5 21. Qe4 Bb4
22. Bd2 h6 23. Qg4 Kf8 24. h4 Qe7 25. Qe4 g6 26. g3 Kg7 27. Qe2 c3 28. Be3 Ba3
29. Rd1 Bb2 30. Rab1 Qa3 31. Bc1 Bxc1 32. Rdxc1 Qxa4 33. h5 g5 34. Qe4 Qc4 35.
Kg2 Nb4 36. Qe3 Rhd8 37. Rh1 Qd5 38. Kh3 c2 39. Ra1 Rc4 40. Rhc1 Rdc8 41. Ra3
Na2 42. Rxa2 Rc3 43. Qd2 Qxf3 44. Raxc2 Rxc2 45. Rxc2 Qf5+ 1/2-1/2

[Event "FIDE World Senior Team Championship 2020"]
[Site "Olympik hotel, Sokolovska 138,"]
[Date "2020.03.11"]
[Round "6.19"]
[White "Kozak, Karel"]
[Black "Nobis, Martina"]
[Result "1/2-1/2"]
[WhiteElo "1856"]
[BlackElo "1860"]
[PlyCount "72"]
[EventDate "2020.03.06"]
[WhiteTeam "CZE11"]
[BlackTeam "GERW2"]

1. d4 g6 2. c4 Bg7 3. Nc3 d6 4. e4 Nf6 5. f3 O-O 6. Be3 e5 7. d5 Nh5 8. Qd2 f5
9. exf5 gxf5 10. Nge2 Nd7 11. O-O-O Nb6 12. Ng3 Nf6 13. Bf2 Kh8 14. Qg5 Ng8 15.
Qxd8 Rxd8 16. Bd3 Rf8 17. Kc2 Bd7 18. b3 a6 19. Rhe1 Nc8 20. Re2 Nge7 21. Rg1
Ng6 22. Nh5 Bh6 23. g4 e4 24. fxe4 fxg4 25. Bd4+ Ne5 26. Reg2 Ne7 27. Be2 c5
28. Bf2 N7g6 29. Nd1 Nf3 30. Rh1 Rae8 31. Bd3 Nge5 32. Be2 b5 33. Bg3 bxc4 34.
bxc4 Ba4+ 35. Kb2 Rb8+ 36. Kc3 Bd2# 1/2-1/2

[Event "FIDE World Senior Team Championship 2020"]
[Site "Olympik hotel, Sokolovska 138,"]
[Date "2020.03.11"]
[Round "6.20"]
[White "Svanda, Pavel"]
[Black "Priedite, Ingrida"]
[Result "1/2-1/2"]
[WhiteElo "2074"]
[BlackElo "2038"]
[PlyCount "108"]
[EventDate "2020.03.06"]
[WhiteTeam "CZE8"]
[BlackTeam "LAT"]

1. e4 c5 2. Nf3 e6 3. d4 cxd4 4. Nxd4 a6 5. Nc3 Qc7 6. g3 Bb4 7. Nde2 Nc6 8.
Bg2 Be7 9. O-O Nf6 10. Bf4 d6 11. Qd2 O-O 12. Rad1 Ne5 13. b3 Rd8 14. h3 b5 15.
Be3 Bb7 16. f4 Ned7 17. b4 Nb6 18. Bf2 Rac8 19. a3 d5 20. exd5 Nbxd5 21. Nxd5
Bxd5 22. Bxd5 Rxd5 23. Qe3 Rxd1 24. Rxd1 Nd5 25. Qf3 Bf6 26. f5 Nc3 27. Nxc3
Qxc3 28. Rd3 Qxc2 29. fxe6 fxe6 30. Rd6 Rf8 31. Qe3 e5 32. Qc5 Qb1+ 33. Kg2
Qe4+ 34. Kg1 Be7 35. Qd5+ Qxd5 36. Rxd5 Bf6 37. Rd6 Ra8 38. Kg2 Kf7 39. Kf3 Bg5
40. Ke4 Bc1 41. Rd3 Re8 42. Rf3+ Kg8 43. Bc5 h6 44. Rc3 Bb2 45. Rb3 Bc1 46. Rc3
Bb2 47. Rc2 Bxa3 48. Ra2 Bc1 49. Rxa6 Bb2 50. Rb6 Ra8 51. Rxb5 Ra1 52. Rb8+ Kf7
53. Rf8+ Ke6 54. Rf3 Bd4 {unreadable (62)} 1/2-1/2

[Event "FIDE World Senior Team Championship 2020"]
[Site "Olympik hotel, Sokolovska 138,"]
[Date "2020.03.11"]
[Round "6.20"]
[White "Ungure, Liga"]
[Black "Miculka, Petr"]
[Result "1/2-1/2"]
[WhiteElo "1923"]
[BlackElo "2040"]
[PlyCount "71"]
[EventDate "2020.03.06"]
[WhiteTeam "LAT"]
[BlackTeam "CZE8"]

1. d4 Nf6 2. Nf3 g6 3. Bf4 Bg7 4. e3 d6 5. h3 c5 6. c3 O-O 7. dxc5 dxc5 8. Qxd8
Rxd8 9. Bc4 Nc6 10. Nbd2 Bf5 11. Ng5 e6 12. e4 h6 13. Nxf7 Kxf7 14. exf5 gxf5
15. Nf3 Nd5 16. Bxd5 Rxd5 17. Rd1 Rad8 18. Ke2 e5 19. Rxd5 Rxd5 20. Bc1 Ke6 21.
g4 e4 22. Nh4 Ne7 23. Rg1 Kf7 24. Nxf5 Nxf5 25. gxf5 h5 26. Rd1 Rxd1 27. Kxd1
Kf6 28. Be3 Bf8 29. Kc2 b5 30. c4 a6 31. Kb3 Kxf5 32. cxb5 axb5 33. a4 c4+ 34.
Kc3 bxa4 35. Kxc4 a3 36. bxa3 1/2-1/2

[Event "FIDE World Senior Team Championship 2020"]
[Site "Olympik hotel, Sokolovska 138,"]
[Date "2020.03.11"]
[Round "6.20"]
[White "Tesar, Jan"]
[Black "Goldmane, Astra"]
[Result "0-1"]
[WhiteElo "2008"]
[BlackElo "2015"]
[PlyCount "72"]
[EventDate "2020.03.06"]
[WhiteTeam "CZE8"]
[BlackTeam "LAT"]

1. d4 Nf6 2. g3 c6 3. Bg2 d5 4. Nf3 Bf5 5. O-O Nbd7 6. c4 e6 7. Nh4 Be4 8. f3
Bxb1 9. Rxb1 dxc4 10. f4 Be7 11. f5 e5 12. e3 exd4 13. exd4 O-O 14. Nf3 Qa5 15.
Bf4 Qxf5 16. Qe2 Nd5 17. Ne5 Nxf4 18. gxf4 Nxe5 19. fxe5 Qd3 20. Qg4 Rad8 21.
Rbd1 Qe3+ 22. Kh1 c5 23. Be4 Rxd4 24. Rde1 Qh6 25. Rf3 Qh4 26. Qxh4 Bxh4 27.
Re2 Rb8 28. Rh3 g5 29. Rf3 b5 30. Bf5 Kg7 31. e6 fxe6 32. Rxe6 g4 33. Rfe3 Rf8
34. R6e5 Rf4 35. R3e4 R8xf5 36. Rxf5 Rxe4 0-1

[Event "FIDE World Senior Team Championship 2020"]
[Site "Olympik hotel, Sokolovska 138,"]
[Date "2020.03.11"]
[Round "6.20"]
[White "Harlinska, Sandra"]
[Black "Bradac, Roman"]
[Result "1/2-1/2"]
[WhiteElo "1817"]
[BlackElo "1974"]
[PlyCount "99"]
[EventDate "2020.03.06"]
[WhiteTeam "LAT"]
[BlackTeam "CZE8"]

1. e4 c5 2. g3 Nc6 3. Bg2 g6 4. Ne2 Bg7 5. c3 e6 6. O-O Nge7 7. Na3 O-O 8. Nc2
d5 9. exd5 exd5 10. d4 cxd4 11. Nexd4 Ne5 12. Ne3 N5c6 13. Nec2 a6 14. Be3 Qd6
15. Qd2 Rd8 16. Rfe1 Ne5 17. Bf4 f6 18. Rad1 Bg4 19. Rc1 Qd7 20. Ne3 Bh3 21.
Bh1 Rac8 22. b3 b5 23. Qe2 g5 24. Bxe5 fxe5 25. Nf3 Bf6 26. Red1 Be6 27. Nxe5
Bxe5 28. Nxd5 Nxd5 29. Qxe5 Qf7 30. Qxg5+ Kh8 31. Qe5+ Nf6 32. Re1 Bd5 33. Rcd1
Bxh1 34. Kxh1 Re8 35. Qf5 Rxe1+ 36. Rxe1 Qd5+ 37. Qxd5 Nxd5 38. c4 bxc4 39.
bxc4 Rxc4 40. Re5 Nc7 41. Kg2 Rc2 42. Ra5 Kg8 43. Kf3 Rb2 44. h4 Rb5 45. Ra4 a5
46. Rd4 Nd5 47. g4 Ne7 48. Ke4 Rb2 49. a3 Rxf2 50. Kd3 1/2-1/2

[Event "FIDE World Senior Team Championship 2020"]
[Site "Olympik hotel, Sokolovska 138,"]
[Date "2020.03.11"]
[Round "6.21"]
[White "Paldus, Petr"]
[Black "Hermansen, Henning W"]
[Result "1/2-1/2"]
[WhiteElo "2008"]
[BlackElo "1921"]
[PlyCount "34"]
[EventDate "2020.03.06"]
[WhiteTeam "CZE9"]
[BlackTeam "NOR1"]

1. e4 c5 2. Nf3 Nc6 3. c3 Nf6 4. e5 Nd5 5. d4 cxd4 6. cxd4 e6 7. Nc3 Nxc3 8.
bxc3 d5 9. Bd3 Be7 10. Be3 Bd7 11. O-O Rc8 12. Qc2 Nb4 13. Qd2 Nxd3 14. Qxd3 a6
15. Rfc1 O-O 16. a4 Rc4 17. a5 Bb5 1/2-1/2

[Event "FIDE World Senior Team Championship 2020"]
[Site "Olympik hotel, Sokolovska 138,"]
[Date "2020.03.11"]
[Round "6.21"]
[White "Danek, Pavel"]
[Black "Bjorgvik, Jan Arne"]
[Result "1-0"]
[WhiteElo "1882"]
[BlackElo "1733"]
[PlyCount "120"]
[EventDate "2020.03.06"]
[WhiteTeam "CZE9"]
[BlackTeam "NOR1"]

1. e4 c5 2. Nc3 g6 3. f4 Bg7 4. Nf3 Nc6 5. Bc4 e6 6. O-O Nge7 7. a3 a6 8. Qe1
b5 9. Ba2 Nd4 10. Nxd4 cxd4 11. Ne2 Qc7 12. Bb3 Nc6 13. d3 Na5 14. Bd2 Nxb3 15.
cxb3 a5 16. f5 Be5 17. fxe6 dxe6 18. Rc1 Qb6 19. Bh6 Bb7 20. Qf2 f5 21. Nf4 Rg8
22. Nh3 Rd8 23. Bf4 Qd6 24. Bxe5 Qxe5 25. Qf4 Qxf4 26. Nxf4 Ke7 27. e5 Rd7 28.
Rc5 Rgd8 29. Rfc1 g5 30. Nh5 Rd5 31. Nf6 Rxe5 32. Rxe5 Kxf6 33. Rxb5 Ba6 34.
Rxa5 Bxd3 35. Rd1 Bc2 36. Rd2 Bxb3 37. Rb5 Ba2 38. a4 e5 39. Rb6+ Be6 40. a5 e4
41. a6 e3 42. Rd3 Ke5 43. a7 Rc8 44. Rxe6+ Kxe6 45. Kf1 Ke5 46. Ke2 Ke4 47. Ra3
Ra8 48. b4 f4 49. b5 Kd5 50. b6 Kc6 51. Rb3 Kb7 52. Kd3 Rd8 53. Ra3 g4 54. Ke2
Rf8 55. Ra1 f3+ 56. gxf3 gxf3+ 57. Kd3 e2 58. Kd2 Re8 59. Ke1 d3 60. Rb1 d2+
1-0

[Event "FIDE World Senior Team Championship 2020"]
[Site "Olympik hotel, Sokolovska 138,"]
[Date "2020.03.11"]
[Round "6.23"]
[White "Grosselohmann, Gerhard"]
[Black "Janacek, Jaroslav"]
[Result "0-1"]
[WhiteElo "1965"]
[BlackElo "2056"]
[PlyCount "82"]
[EventDate "2020.03.06"]
[WhiteTeam "GER9"]
[BlackTeam "CZE15"]

1. d4 d6 2. c4 e5 3. d5 g6 4. e4 Nd7 5. Nc3 a5 6. Be2 Ngf6 7. Be3 Nc5 8. f3 Nh5
9. Qd2 Be7 10. g3 Bd7 11. f4 exf4 12. Bxc5 dxc5 13. Bxh5 gxh5 14. gxf4 Bh4+ 15.
Kd1 Rg8 16. Kc2 Bf6 17. Nf3 Qe7 18. Rag1 O-O-O 19. e5 Bf5+ 20. Kc1 Bg7 21. Qf2
Bh6 22. Ne1 Qxe5 23. Ng2 Qd4 24. Qxd4 cxd4 25. Nb5 Be4 26. Nh4 Bxf4+ 27. Kd1
Bg5 28. Rxg5 Rxg5 29. Rf1 Rg4 30. Nf5 Bxf5 31. Rxf5 c6 32. dxc6 bxc6 33. Na3 d3
34. Rxf7 Rg1+ 35. Kd2 Rg2+ 36. Kd1 Rxb2 37. c5 Rd4 38. Rf8+ Kd7 39. Rf7+ Ke6
40. Rf3 Rxh2 41. Re3+ Kd5 0-1

[Event "FIDE World Senior Team Championship 2020"]
[Site "Olympik hotel, Sokolovska 138,"]
[Date "2020.03.11"]
[Round "6.23"]
[White "Korinkova, Eva"]
[Black "Buchholz, Ralf"]
[Result "0-1"]
[WhiteElo "1811"]
[BlackElo "1851"]
[PlyCount "71"]
[EventDate "2020.03.06"]
[WhiteTeam "CZE15"]
[BlackTeam "GER9"]

1. Nf3 d5 2. g3 Nf6 3. Bg2 e6 4. d3 Be7 5. O-O O-O 6. Nbd2 c5 7. Re1 Nc6 8. e4
Qc7 9. Qe2 Re8 10. e5 Nd7 11. Nf1 b5 12. c3 a5 13. Bf4 Ba6 14. Ne3 Nb6 15. h3
b4 16. Ng5 Qd8 17. Qd2 c4 18. d4 Nd7 19. Ng4 Nf8 20. Be3 a4 21. f4 a3 22. Rf1
axb2 23. Qxb2 Rb8 24. Rf2 h5 25. Nh2 f6 26. Ngf3 f5 27. g4 hxg4 28. hxg4 g6 29.
gxf5 gxf5 30. Bh3 Nh7 31. Bf1 Kh8 32. Rg2 Rg8 33. Qd2 Rxg2+ 34. Bxg2 Qb6 35.
Ng5 Nxg5 36. fxg5 {unreadable (54)} 0-1

[Event "FIDE World Senior Team Championship 2020"]
[Site "Olympik hotel, Sokolovska 138,"]
[Date "2020.03.11"]
[Round "6.23"]
[White "Schwieger, Wolfgang"]
[Black "Oburka, Vladislav"]
[Result "0-1"]
[WhiteElo "1835"]
[BlackElo "1759"]
[PlyCount "60"]
[EventDate "2020.03.06"]
[WhiteTeam "GER9"]
[BlackTeam "CZE15"]

1. d4 Nf6 2. Nf3 d5 3. c4 c6 4. e3 Bg4 5. h3 Bf5 6. Bd3 Bxd3 7. Qxd3 e6 8. O-O
Nbd7 9. a3 a5 10. b3 Bd6 11. Bb2 Ne4 12. Nfd2 Ndf6 13. Nxe4 Nxe4 14. Nd2 f5 15.
Nf3 O-O 16. Ne5 Bxe5 17. dxe5 Qg5 18. c5 Nxc5 19. Qc3 Ne4 20. Qe1 Qg6 21. b4
axb4 22. axb4 Rxa1 23. Qxa1 Nd2 24. Rd1 Nf3+ 25. Kh1 Nh4 26. g3 Nf3 27. Bd4 Ng5
28. Kg2 Qh5 29. h4 Qf3+ 30. Kf1 Ne4 0-1

[Event "FIDE World Senior Team Championship 2020"]
[Site "Olympik hotel, Sokolovska 138,"]
[Date "2020.03.11"]
[Round "6.23"]
[White "Micka, Josef"]
[Black "Carsten, Juergen"]
[Result "0-1"]
[WhiteElo "1393"]
[BlackElo "1781"]
[PlyCount "78"]
[EventDate "2020.03.06"]
[WhiteTeam "CZE15"]
[BlackTeam "GER9"]

1. Nf3 d5 2. c4 c6 3. b3 Nf6 4. Bb2 Bf5 5. g3 e6 6. Bg2 Bd6 7. O-O Nbd7 8. d3
Qe7 9. d4 b6 10. Ne5 Rc8 11. Nc3 Nxe5 12. dxe5 Bxe5 13. f4 Bb8 14. Re1 dxc4 15.
bxc4 Qc5+ 16. e3 Qxc4 17. Rc1 Qb4 18. Na4 O-O 19. Bxf6 gxf6 20. Rxc6 Rcd8 21.
Qa1 Rd2 22. Nc3 Rxg2+ 23. Kxg2 Be4+ 24. Nxe4 Qxe4+ 25. Kf2 Qxc6 26. Qxf6 Qc2+
27. Re2 Qg6 28. Qe7 e5 29. Rd2 exf4 30. gxf4 Kg7 31. Rd5 h6 32. f5 Qf6 33. Qe4
Rc8 34. Qg4+ Kh7 35. Rd1 Rg8 36. Qh5 Bxh2 37. Ke2 Qb2+ 38. Kd3 Rd8+ 39. Ke4
Qg2+ 0-1

[Event "FIDE World Senior Team Championship 2020"]
[Site "Olympik hotel, Sokolovska 138,"]
[Date "2020.03.11"]
[Round "6.24"]
[White "Sobotka, Jiri"]
[Black "Palkova, Hana"]
[Result "1-0"]
[WhiteElo "1875"]
[BlackElo "1859"]
[PlyCount "73"]
[EventDate "2020.03.06"]
[WhiteTeam "CZE16"]
[BlackTeam "CZEW2"]

1. e4 c5 2. Nf3 e6 3. c4 Nc6 4. d4 cxd4 5. Nxd4 a6 6. Be3 Bb4+ 7. Nd2 Nf6 8. f3
Qa5 9. a3 Be7 10. b4 Qc7 11. c5 d5 12. Nxc6 bxc6 13. Bd3 O-O 14. O-O Rd8 15.
Qc2 h6 16. Bf2 Nh5 17. g3 Qd7 18. e5 g5 19. Be3 Ng7 20. g4 Qe8 21. f4 Ra7 22.
fxg5 d4 23. Bf4 hxg5 24. Bg3 Qf8 25. Ne4 Ne8 26. Rf3 Qg7 27. Raf1 Bf8 28. Qf2
Rdd7 29. Bc4 Qg6 30. Bd3 Qg7 31. h3 Qh6 32. Kg2 Bg7 33. Qd2 Rd5 34. Qf2 Re7 35.
Rh1 f5 36. exf6 Bf8 37. h4 1-0

[Event "FIDE World Senior Team Championship 2020"]
[Site "Olympik hotel, Sokolovska 138,"]
[Date "2020.03.11"]
[Round "6.24"]
[White "Vorackova, Jarmila"]
[Black "Feierfeil, Jiri"]
[Result "1-0"]
[WhiteElo "1824"]
[BlackElo "1721"]
[PlyCount "81"]
[EventDate "2020.03.06"]
[WhiteTeam "CZEW2"]
[BlackTeam "CZE16"]

1. d4 d5 2. c4 e6 3. Nc3 Nf6 4. Bg5 Be7 5. e3 O-O 6. Nf3 Nbd7 7. cxd5 exd5 8.
Bd3 Re8 9. O-O c6 10. Qc2 Nf8 11. Bxf6 Bxf6 12. b4 a6 13. a4 Bd7 14. b5 axb5
15. axb5 Qe7 16. bxc6 bxc6 17. Na4 Qd6 18. Nb6 Rxa1 19. Rxa1 Bg4 20. Rc1 Re6
21. Nd2 Bd8 22. Na4 Rh6 23. Nf1 Bc7 24. h3 Bc8 25. Nc3 Qf6 26. Nxd5 Qd8 27.
Nxc7 Qxc7 28. Be4 Bd7 29. Ng3 Qd6 30. Nf5 Bxf5 31. Bxf5 Nd7 32. Be4 g5 33. Qxc6
Qxc6 34. Rxc6 Rxc6 35. Bxc6 Nb6 36. f3 Kf8 37. Kf2 Ke7 38. Kg3 h5 39. f4 f6 40.
fxg5 fxg5 41. Kf3 1-0

[Event "FIDE World Senior Team Championship 2020"]
[Site "Olympik hotel, Sokolovska 138,"]
[Date "2020.03.11"]
[Round "6.24"]
[White "Levinsky, Ladislav"]
[Black "Gallinnisova, Vaclava"]
[Result "1/2-1/2"]
[WhiteElo "1477"]
[BlackElo "2027"]
[PlyCount "63"]
[EventDate "2020.03.06"]
[WhiteTeam "CZE16"]
[BlackTeam "CZEW2"]

1. Nf3 g6 2. d4 Bg7 3. Bf4 d6 4. e3 Nf6 5. c3 Nh5 6. Bg3 Nd7 7. Be2 Nxg3 8.
hxg3 Nf6 9. Nbd2 c6 10. Qc2 Bf5 11. Bd3 Bxd3 12. Qxd3 Qb6 13. Qc2 h5 14. Nh4
O-O-O 15. Qb3 Qxb3 16. axb3 Kb8 17. Ke2 Nd7 18. b4 e5 19. Kd3 exd4 20. exd4 c5
21. Nhf3 cxb4 22. cxb4 Nb6 23. Ra5 Bh6 24. Rha1 Bxd2 25. Nxd2 Nc8 26. Re1 Rde8
27. Raa1 Rxe1 28. Rxe1 h4 29. Rh1 Ne7 30. Rxh4 Rc8 31. Nc4 Nd5 32. b5 1/2-1/2

[Event "FIDE World Senior Team Championship 2020"]
[Site "Olympik hotel, Sokolovska 138,"]
[Date "2020.03.11"]
[Round "6.24"]
[White "Havlickova, Lenka"]
[Black "Tomanek, Karel"]
[Result "1-0"]
[WhiteElo "1895"]
[BlackElo "1379"]
[PlyCount "63"]
[EventDate "2020.03.06"]
[WhiteTeam "CZEW2"]
[BlackTeam "CZE16"]

1. d4 Nf6 2. c4 g6 3. Nf3 d6 4. h3 Bg7 5. Nc3 O-O 6. Bf4 b6 7. e3 Bb7 8. Be2
Nbd7 9. O-O a6 10. Qc2 Nh5 11. Bh2 f5 12. Ng5 Rf6 13. c5 Bh6 14. Bc4+ Kh8 15.
Nf7+ Rxf7 16. Bxf7 Nhf6 17. Rad1 Qf8 18. Qb3 Rb8 19. cxb6 Nxb6 20. Be6 Bg7 21.
Rc1 Qd8 22. Qc2 Nbd7 23. Rfd1 Nf8 24. Bb3 e6 25. Ne2 Rc8 26. Nf4 Qe7 27. Qc4 d5
28. Qc5 Qd7 29. Nd3 Ne4 30. Qb4 c6 31. f3 Ng5 32. Nc5 1-0

[Event "FIDE World Senior Team Championship 2020"]
[Site "Olympik hotel, Sokolovska 138,"]
[Date "2020.03.11"]
[Round "6.25"]
[White "Dettmann, Holger"]
[Black "Chin, Francis Choy Wan"]
[Result "1/2-1/2"]
[WhiteElo "2012"]
[BlackElo "1870"]
[PlyCount "99"]
[EventDate "2020.03.06"]
[WhiteTeam "GER11"]
[BlackTeam "MAS"]

1. d4 e6 2. Nf3 f5 3. Nc3 Nf6 4. Bg5 Be7 5. g3 b6 6. Bg2 Bb7 7. O-O O-O 8. Ne1
Ne4 9. Bxe7 Qxe7 10. d5 exd5 11. Nxd5 Qe5 12. c4 Bxd5 13. cxd5 Qxb2 14. d6 c6
15. Nd3 Qa3 16. Bxe4 fxe4 17. Nf4 Na6 18. Qc2 Nc5 19. Rad1 Rae8 20. e3 Qa4 21.
Qb2 Qc4 22. h4 Rf5 23. Rd4 Qf7 24. Qa3 Ra8 25. Qb2 h6 26. h5 Kh7 27. a4 Re8 28.
Qb1 Nb3 29. Rdd1 Qc4 30. Qa2 Na5 31. Qa1 Qf7 32. Qb1 Nc4 33. Rd4 c5 34. Rdd1
Rf6 35. Qa2 Ne5 36. Qc2 Nf3+ 37. Kg2 Re5 38. Rh1 Ng5 39. Rh4 a6 40. Qb1 Ne6 41.
Rd2 Ng5 42. Rh1 Nf3 43. Rdd1 Qc4 44. Qxb6 Qxa4 45. Qd8 Rxf4 46. gxf4 Rxh5 47.
Rxh5 Qxd1 48. Rxh6+ Kxh6 49. Qh8+ Kg6 50. Qe8+ 1/2-1/2

[Event "FIDE World Senior Team Championship 2020"]
[Site "Olympik hotel, Sokolovska 138,"]
[Date "2020.03.11"]
[Round "6.25"]
[White "Muzzaffar, Ahmad"]
[Black "Schroeter, Reinhard"]
[Result "1-0"]
[WhiteElo "1815"]
[BlackElo "1738"]
[PlyCount "67"]
[EventDate "2020.03.06"]
[WhiteTeam "MAS"]
[BlackTeam "GER11"]

1. e4 c5 2. d4 cxd4 3. c3 Nc6 4. Nf3 d6 5. Bc4 e6 6. cxd4 Nf6 7. Nc3 Be7 8. Qe2
O-O 9. O-O a6 10. e5 dxe5 11. dxe5 Nd5 12. Ne4 Qc7 13. Ng3 Rd8 14. Bd3 h6 15.
Qe4 f5 16. exf6 Nxf6 17. Qg6 Ne5 18. Nxe5 Qxe5 19. Bxh6 Bf8 20. Rad1 Bd7 21.
Ne4 Nd5 22. Ng5 Nf6 23. Nh7 Nd5 24. Nxf8 Kxf8 25. Rfe1 Qf6 26. Bg5 Qxg6 27.
Bxg6 Rdc8 28. h4 Rc7 29. h5 Ne7 30. Bf4 Rc4 31. Bd6 Rac8 32. b3 R4c6 33. Re3
Rc3 34. Re4 1-0

[Event "FIDE World Senior Team Championship 2020"]
[Site "Olympik hotel, Sokolovska 138,"]
[Date "2020.03.11"]
[Round "6.26"]
[White "Robertson, Ian C"]
[Black "Schiller, Dirk"]
[Result "0-1"]
[WhiteElo "2107"]
[BlackElo "1747"]
[PlyCount "50"]
[EventDate "2020.03.06"]
[WhiteTeam "SCO2"]
[BlackTeam "GER12"]

1. e4 c5 2. Nf3 Nc6 3. d3 g6 4. g3 Bg7 5. Bg2 e6 6. Nc3 Nge7 7. Be3 d6 8. d4
cxd4 9. Nxd4 O-O 10. O-O a6 11. Nde2 Qc7 12. f4 Bd7 13. Rf3 Rad8 14. Bf2 Na5
15. b3 b5 16. a3 d5 17. exd5 Nxd5 18. Nxd5 exd5 19. Ra2 Bf5 20. Bd4 Be4 21. Rc3
Bxd4+ 22. Qxd4 Qb7 23. Bh3 f5 24. g4 Nc6 25. Qc5 d4 0-1

[Event "FIDE World Senior Team Championship 2020"]
[Site "Olympik hotel, Sokolovska 138,"]
[Date "2020.03.11"]
[Round "6.26"]
[White "Nowack, Achim"]
[Black "Stevenson, James"]
[Result "1/2-1/2"]
[WhiteElo "1725"]
[BlackElo "2020"]
[PlyCount "94"]
[EventDate "2020.03.06"]
[WhiteTeam "GER12"]
[BlackTeam "SCO2"]

1. e4 c5 2. d3 Nf6 3. Nf3 Nc6 4. g3 g6 5. Bg2 Bg7 6. O-O O-O 7. Re1 d6 8. Nbd2
Ne8 9. c3 Rb8 10. Nf1 e5 11. Ne3 Nc7 12. h4 h6 13. Kh2 Be6 14. Bh3 Bxh3 15.
Kxh3 f5 16. exf5 gxf5 17. Nh2 f4 18. Ng2 fxg3 19. fxg3 Qd7+ 20. Qg4 Qe6 21. Be3
Qxg4+ 22. Kxg4 Nd5 23. Rf1 Nf6+ 24. Kh3 h5 25. Bg5 b5 26. g4 hxg4+ 27. Nxg4
Nxg4 28. Kxg4 b4 29. Rxf8+ Rxf8 30. Ne3 Rf2 31. Rb1 Rd2 32. Nf5 Rxd3 33. h5 e4
34. h6 Be5 35. Rh1 Kh7 36. cxb4 Nxb4 37. Rf1 Bxb2 38. Ne7 Rf3 39. Rxf3 exf3 40.
Kxf3 Nxa2 41. Ke4 Nb4 42. Kf5 a5 43. Ng6 Bg7 44. hxg7 Kxg7 45. Be7 Nd3 46. Bxd6
c4 47. Ne5 Nxe5 1/2-1/2